Modernizácia a vylepšenie funkčnosti linky v prevádzke lakovňa v PCA Slovakia, s.r.o Trnava

Gespeichert in:
Bibliographische Detailangaben
1. Verfasser: Vlha, Lukáš, 1988- (Verfasst von)
Weitere Verfasser: Javorová, Angela, 1973- (Betreuung Doktorarbeit)
Format: Manuskript Buch
Sprache:Slowakisch
Veröffentlicht: Trnava : STU v Bratislave MTF UVSM, 2013
Schlagworte:
Online-Zugang:VAIS
Tags: Tag hinzufügen
Keine Tags, Fügen Sie das erste Tag hinzu!

MARC

LEADER 00000ntm a22000003a 4500
001 stu268300
005 20160719160720.7
008 130613s2013----xo------------------slo-d
040 |a STU  |b slo 
041 0 |a slo 
044 |a xo 
100 1 |a Vlha, Lukáš,  |d 1988-  |4 aut  |X 56819  |7 A000056819 
242 0 0 |a Modernization and functionality improvement of coating line in PCA Slovakia, s.r.o Trnava  |y eng 
245 1 |a Modernizácia a vylepšenie funkčnosti linky v prevádzke lakovňa v PCA Slovakia, s.r.o Trnava 
260 |a Trnava :  |b STU v Bratislave MTF UVSM,  |c 2013 
650 7 |a výrobné zariadenia a systémy  |2 stusub 
650 7 |a Production Devices and Systems  |2 estusub 
650 7 |a material flow  |2 estusub 
650 7 |a materiálový tok  |2 stusub 
700 1 |a Javorová, Angela,  |d 1973-  |4 ths  |u M2000  |U MTF Materiálovotechnologická fakulta  |T MTF Ústav výrobných systémov a aplikovanej mechaniky  |X 4676  |U M2000  |Y 82  |7 A000004676 
856 4 |a info a plný text  |u http://is.stuba.sk/zp/portal_zp.pl?podrobnosti=91904  |3 VAIS 
996 |c M*DP-11311  |l MMSKP  |s P  |a 0  |w stu268300_0001